Normal view
MARC view
- Arif, Hannan
Entry Personal Name
001 - CONTROL NUMBER
- control field: 125533
003 - CONTROL NUMBER IDENTIFIER
- control field: NUST
005 - DATE AND TIME OF LATEST TRANSACTION
- control field: 20240830095626.0
008 - FIXED-LENGTH DATA ELEMENTS
- fixed length control field: 240830|| aca||aabn | a|a d
040 ## - CATALOGING SOURCE
- Original cataloging agency: NUST
- Transcribing agency: NUST
100 ## - HEADING--PERSONAL NAME
- Personal name: Arif, Hannan
670 ## - SOURCE DATA FOUND
- Source citation: Work cat.: (NUST): Arif, Hannan, Cross-platform Integration in Legacy Mobile Apps for Code Reuse and Reduced Development Efforts/
